| 000 | 00491 a2200169 4500 | ||
|---|---|---|---|
| 003 | OSt | ||
| 005 | 20240905101937.0 | ||
| 008 | 231018b |||||||| |||| 00| 0 eng d | ||
| 020 | _a9953727082 | ||
| 040 | _coclc | ||
| 082 |
_a892.7 _bHAM/I |
||
| 100 |
_aHamd , Abdullah Hazhar _910487 |
||
| 245 |
_aITHIJAHATHU NAQDUL ARABIL QADEEM / _cAbdullah Hazhar Hamd |
||
| 260 |
_aBeirut : _bDaralkalam, |
||
| 300 | _a226 p. ; | ||
| 942 |
_2ddc _cBK _h892.7 _iHAM/I _k892.7 _mHAM/I |
||
| 999 |
_c42680 _d42680 |
||